000 00986nam a2200289 i 4500
001 bg
003 BPK
005 20220512123043.0
008 040319s2004 pl a f f |000 0 pol
015 _aPB 2004/8762
020 _a837335171X
040 _aWA N
_cBPK
041 0 _apol
080 _a621.317
080 _a(075.8)
100 1 _aZakrzewski, Jan
_c(nauki techniczne).
_eAutor
245 1 0 _aCzujniki i przetworniki pomiarowe :
_bpodręcznik problemowy /
_cJan Zakrzewski.
260 _aGliwice :
_bWydaw. Politechniki Śląskiej,
_c2004.
300 _a248, [2] s. :
_brys., tab., wykr. ;
_c24 cm.
504 _aBibliogr. s. 248-[249] i przy rozdz.
655 4 _aPodręczniki akademickie
650 4 _aCzujniki
650 4 _aPrzetworniki pomiarowe
710 2 _aPolitechnika Śląska (Gliwice)
_bWydawnictwo
_4pbl.
856 4 1 _uhttp://koha.tu.koszalin.pl/cgi-bin/koha/opac-detail.pl?biblionumber=46200
_zKatalog online BPK
942 _2UKD
_cKS
999 _c46200
_d46200